Smallest Countries of Asia - Statistics

General Stats
  • This quiz has been taken 53 times
  • The average score is 8 of 10
Answer Stats
Hint Answer % Correct
719 Singapore
95%
5,765 Brunei
92%
428,697 Brunei
92%
765 Bahrain
89%
300 Maldives
87%
436,330 Maldives
87%
807,610 Bhutan
84%
1,296,311 East Timor
82%
9,251 Cyprus
47%
1,179,551 Cyprus
47%
No matching quizzes found
Score Distribution
Percent of People with Each Score
Percentile by Number Answered
Your Score History
You have not taken this quiz